000 00556nam a2200181 i 4500
001 58889
003 ES-MaACL
005 20240308153452.0
007 t|
008 031024s1975 ag ||||1| spa d
245 0 0 _aEcología y revolución /
_cHerbert Marcuse ... [et al.] ; [traducido por Raquel Puszkin].
260 _a[Buenos Aires] :
_bNueva Visión,
_c[1975]
300 _a85 p. ;
_c18 cm.
700 0 _aMarcuse, Herbert,
_d1898-1979
_976559
700 1 _aPuszkin, Raquel.
_994431
852 _aES-MaACL
_jA-7893
_bR.96428
999 _c58889
_d58889